000 01078nam a2200253 a 4500
001 79463
003 BD-RjUL
005 20220323123814.0
008 220227s2022 bg ||||| |||| 00| 0 ben d
020 _a9847000004321
_c:Tk.375.00
035 _a(BD-RjUL)79463
040 _aBD-RjUL
_beng
_cBD-RjUL
041 _aben
082 _223
_a891.444
_bKAA 2022
100 _aকবির, হুমায়ুন
_91268
245 _aঅগ্রন্থিত হুমায়ুন কবির :
_bমাওলানা আজাদ কাহিনী ও অন্যান্য প্রবন্ধ /
_cহুমায়ুন কবির; সম্পাদক এম. মতিউর রহমান
260 _aঢাকা :
_bজাতীয় সাহিত্য প্রকাশ,
_c২০২২
300 _aখণ্ড;
_c২২ সেমি.
505 0 1 _aখণ্ড
650 _aবাংলা প্রবন্ধ
_9393
650 _aBengali essays
_9394
700 _aরহমান, এম. মতিউর
_91174
942 _2ddc
_cBK
999 _c79463
_d79463